US States Are Known For - Statistics

General Stats
  • This quiz has been taken 49 times
  • The average score is 33 of 51
Answer Stats
Hint Answer % Correct
Hollywood California
90%
The Grand Canyon Arizona
85%
Disney World Florida
85%
Boston Massachusetts
85%
Jersey Shore New Jersey
83%
Salt Lake Utah
83%
2nd biggest state Texas
80%
Indy 500 Indiana
78%
The Big Apple New York
78%
Smallest State Rhode Island
78%
Cheese Wisconsin
78%
The Rocky Mountains Colorado
75%
The First State Delaware
75%
Peaches Georgia
75%
Volcanoes Hawaii
75%
Potatoes Idaho
75%
Mount Rushmore South Dakota
75%
Yellowstone Wyoming
75%
Detroit Michigan
73%
Mall Of America Minnesota
73%
The Gateway Arch Missouri
73%
Santa Fe New Mexico
73%
Mount Denali Alaska
70%
Hartford Connecticut
70%
The Wizard Of Oz Kansas
70%
Mardi Gras Louisiana
70%
The White House Washington D.C.
70%
Lake Tahoe Nevada
68%
Mount Saint Helens Washington
68%
Abraham Lincoln Illinois
65%
Rock And Roll Hall Of Fame Ohio
65%
Myrtle Beach South Carolina
65%
Presidents Virginia
60%
The Bourbon Trail Kentucky
58%
Lighthouses Maine
58%
Farmland Nebraska
58%
Maple Syrup Vermont
58%
Civil Rights Institute Alabama
50%
Crabs Maryland
50%
American History Pennsylvania
50%
Corn Iowa
48%
Theodore Roosevelt National Park North Dakota
48%
Diamonds Arkansas
45%
Elvis Tennessee
45%
Biltmore House North Carolina
40%
Glacier Park Montana
38%
The Blues Mississippi
35%
Casinos and Tornadoes Oklahoma
35%
Mothman West Virginia
35%
"Little Switzerland" New Hampshire
30%
Craft Beer Oregon
28%
No matching quizzes found
Score Distribution
Percent of People with Each Score
Percentile by Number Answered
Your Score History
You have not taken this quiz